000 01198nam a22001937a 4500
003 JO-AjAnu
005 20240602093951.0
008 240406b jo ||||| |||| 00| 0 ara d
040 _aJO-AjAnu
_cJO-AjAnu
041 0 _aara
100 1 _aالنمر، سيف محمد عيد مصطفى
_965300
_eمعد
245 0 _aالتفكير الايجابي وعلاقته بمهارات تقرير المصير لدى الطلبة ذوي صعوبات التعلم من وجهة نظر اولياء أمورهم = positive Thinking and its Relationship to Self - Determination Skill of Students with Learning Disabilities from The Point of View of their parents /
_cاعداد سيف محمد عيد مصطفى النمر ؛ إشراف محمد عمر ابو الرب
260 _c2023
300 _a109 ورقة
500 _a رسالة جامعية (ماجستير) .- جامعة عجلون الوطنية (عجلون، الأردن)، كلية العلوم التربوية ، تخصصصعوبات التعلم، 2023
650 7 0 _aالتفكير الايجابي - صعوبات التعلم
_965304
700 1 _aأبو الرب، محمد عمر
_965307
_eمشرف
942 _2lcc
_cTHS
_n0
999 _c33427
_d33427